000 00245nam a2200097Ia 4500
001 807705
005 20250826171236.0
008 250824s9999 xx 000 0 und d
245 0 _aZEHİR ZIKKIM HİKAYELER
_cAYLA KUTLU
260 _bBİLGİ YAYINLARI
999 _c807705
_d807705